000 00475nam a22001577a 4500
005 20231116124307.0
008 231116b |||||||| |||| 00| 0 eng d
041 _aEnglish
082 _a343.9 KRE
100 _aKreindler, LS
_lEnglish
245 _aAviation Accident Law /
_cLS Kreindler
260 _aNew York :
_bMatthew Bender and Company,
_c1980
300 _c26 cm.
_e3 Volumes
650 _aLegal practice
_bLaw
942 _cBK
_6ALISON_BN_VRIES
999 _c731
_d731